Welcome to WEB OPAC of MRSPTU Central Library

Dolat Rai Dya Najra vich Sahibe Kaml Guru Gobind Singh Ji (Record no. 9888)

MARC details
000 -LEADER
fixed length control field 00397nam a22001337a 4500
003 - CONTROL NUMBER IDENTIFIER
control field OSt
005 - DATE AND TIME OF LATEST TRANSACTION
control field 20240130105507.0
008 - FIXED-LENGTH DATA ELEMENTS--GENERAL INFORMATION
fixed length control field 240130b |||||||| |||| 00| 0 eng d
040 ## - CATALOGING SOURCE
Transcribing agency Central Library MRSPTU
100 ## - MAIN ENTRY--PERSONAL NAME
Personal name Gurmat Sahit Chritable Trust
245 ## - TITLE STATEMENT
Title Dolat Rai Dya Najra vich Sahibe Kaml Guru Gobind Singh Ji
260 ## - PUBLICATION, DISTRIBUTION, ETC.
Place of publication, distribution, etc. 1988
Name of publisher, distributor, etc. Gurmat Sahit Chritable Trust
Date of publication, distribution, etc. Amritsar
942 ## - ADDED ENTRY ELEMENTS (KOHA)
Source of classification or shelving scheme Dewey Decimal Classification
Koha item type Book
Suppress in OPAC No
Holdings
Withdrawn status Lost status Source of classification or shelving scheme Damaged status Not for loan Collection Home library Current library Date acquired Total checkouts Barcode Date last seen Date last checked out Price effective from Koha item type
    Dewey Decimal Classification     BK MRSPTU Central Library MRSPTU Central Library 01/30/2024 1 G72 07/28/2025 01/30/2024 01/30/2024 Book

Website Designed and Developed by MRSPTU Central Library Team

E-mail Id: librarian@mrsptu.ac.in